000 00374nam a2200145Ia 4500
008 231129s1997||||xx |||||||||||||| ||spa||
020 _a958-04-3933-8
040 _bspa
082 _a004.68 L913r
100 _aLowe Doug
245 0 _aRedes para Dummies
260 _c1997
264 _aBogotá Colombia : Norma
942 _2ddc
_cBKS
999 _c23811
_d23811